|
|
|
|
| LEADER |
00000nab a2200000uu 4500 |
| 001 |
vtls011504254 |
| 003 |
SK-MaSNL |
| 005 |
20260303155448.0 |
| 008 |
230222|1963 xo |||||||||||||||||cze| |
| 015 |
|
|
|a SNBRB
|
| 035 |
|
|
|a (urnnbn)urn:nbn:sk:snk:ar-a0ajpg
|
| 035 |
|
|
|a (uuid)51fd5832-4ad8-4b1b-ac17-0b96d382f96b
|
| 035 |
|
|
|a urn:nbn:sk:snk-abdxy1
|
| 040 |
|
|
|a SNKBUCL
|b slo
|c SNKBUCL
|e AACR2
|
| 041 |
0 |
|
|a cze
|
| 044 |
|
|
|a xo
|c SK
|
| 100 |
1 |
|
|a Němec, J.
|4 aut
|9 288705
|
| 245 |
1 |
0 |
|a Materiálové vlastnosti navařovaných vřeten armatur pro nadkritické parametry
|c J. Němec, Karel Löbl, Miroslav Žabokrtský
|
| 700 |
1 |
|
|a Löbl, Karel
|4 aut
|9 1156533
|
| 700 |
1 |
|
|a Žabokrtský, Miroslav
|4 aut
|9 1179183
|
| 773 |
0 |
|
|t Zváranie : odborný časopis československých zváračov
|g Roč. 12, č. 4 (1963), s. 85-89
|
| 954 |
|
|
|a odborná, vedecká literatúra pôvodná (slovenská)
|2 lita
|
| 954 |
|
|
|a odborná, vedecká literatúra cudzojazyčná (svetová)
|2 lita
|
| 958 |
|
|
|a OND
|
| 958 |
|
|
|a EUIPO
|
| 958 |
|
|
|a article20
|
| 999 |
|
|
|c 2040407
|d 2042337
|